| 000 | 00519nam a2200169Ia 4500 | ||
|---|---|---|---|
| 003 | OSt | ||
| 005 | 20201204102243.0 | ||
| 008 | 190216s9999||||xx |||||||||||||| ||und|| | ||
| 040 | _coclc | ||
| 082 |
_a894.8123 _bABD/C |
||
| 100 |
_aAbdulkadir, Koduvally _92090 |
||
| 245 | 0 |
_aChuvanna Thiramalakal / _cKoduvally Abdulkadir |
|
| 260 |
_bPoomkavanam Books Publishers, _c1989. _aCalicut: |
||
| 300 | _a66p | ||
| 650 | _aKerala Muslim History | ||
| 942 |
_cBK _2ddc _h894.8123 _iABD/C _k894.8123 _mABD/C |
||
| 999 |
_c22376 _d22376 |
||